Celebration : three fabuloes decades (Record no. 8122)

MARC details
000 -LEADER
fixed length control field 00619nam a22001937a 4500
003 - CONTROL NUMBER IDENTIFIER
control field OSt
005 - DATE AND TIME OF LATEST TRANSACTION
control field 20260303002314.0
008 - FIXED-LENGTH DATA ELEMENTS--GENERAL INFORMATION
fixed length control field 260202b |||||||| |||| 00| 0 eng d
020 ## - INTERNATIONAL STANDARD BOOK NUMBER
International Standard Book Number 971-92983-0-8
040 ## - CATALOGING SOURCE
Original cataloging agency DWCL-Main Lib
Transcribing agency OC
082 ## - DEWEY DECIMAL CLASSIFICATION NUMBER
Classification number SC. 391.2 C392 [?]
110 ## - MAIN ENTRY--CORPORATE NAME
Corporate name or jurisdiction name as entry element FEDERATION OF PHIL. PHOTOGRAPHERS FOUNDATION
Relator term Corporate Author
245 ## - TITLE STATEMENT
Title Celebration : three fabuloes decades
260 ## - PUBLICATION, DISTRIBUTION, ETC.
Place of publication, distribution, etc. [s.l.] : Rupert Jacinto :
Name of publisher, distributor, etc. RPA & Communicate,
Date of publication, distribution, etc. [?].
300 ## - PHYSICAL DESCRIPTION
Extent 162 p. :
Other physical details ill. (chiefly col.) ;
Dimensions 25 cm.
504 ## - BIBLIOGRAPHY, ETC. NOTE
Bibliography, etc. note 1. Includes references.
650 ## - SUBJECT ADDED ENTRY--TOPICAL TERM
Topical term or geographic name entry element Dresses - Philippines.
942 ## - ADDED ENTRY ELEMENTS (KOHA)
Source of classification or shelving scheme Dewey Decimal Classification
Koha item type Special Collection
Call number suffix SC.
Suppress in OPAC No
952 ## - LOCATION AND ITEM INFORMATION (KOHA)
--
Holdings
Withdrawn status Lost status Source of classification or shelving scheme Damaged status Not for loan Home library Current library Shelving location Date acquired Source of acquisition Total Checkouts Full call number Barcode Date last seen Copy number Price effective from Koha item type Uniform Resource Identifier
    Dewey Decimal Classification     Junior High School Library Junior High School Library Special Collection 11/01/2010 Library Fund   SC. 391.2 C392 [?] JHS - 15823 02/02/2026 c1 02/02/2026 SC